La archivística y las nuevas tecnologías: reflexiones y experiencias
Saved in:
| Main Authors: | , , , , , , |
|---|---|
| Corporate Authors: | , |
| Format: | Bog |
| Sprog: | spansk |
| Udgivet: |
Puebla
BUAP
2004
Puebla Litografía Magno Graf S. A 2004 |
| Udgivelse: | 1a. ed |
| Serier: | Formación Archivística, IV
|
| Fag: | |
| Online adgang: | portada |
| Tags: |
Tilføj Tag
Ingen Tags, Vær først til at tagge denne postø!
|
MARC
| LEADER | 00000nam a2200000 a 4500 | ||
|---|---|---|---|
| 001 | UCJ8852 | ||
| 003 | CL-VaPUC | ||
| 008 | 070124e20040531mx |||||||||||||||||spa|d | ||
| 020 | |a 9688637475 | ||
| 082 | 0 | 4 | |a 025 |b VIL |2 21 |
| 100 | 0 | |a Villanueva Bazán, Gustavo |e author |9 518349 | |
| 700 | 0 | |a Torres Monroy, Luis |e author |9 518350 | |
| 700 | 0 | |a Román, Eduardo Carlos |e author |9 518351 | |
| 700 | 0 | |a Lira Soria, Enrique |e author |9 518352 | |
| 700 | 0 | |a Torres Romero, Enrique |e author |9 518353 | |
| 700 | 0 | |a Alcántara Hernández, María Yolanda |e author |9 518354 | |
| 700 | 0 | |a Román, Eduardo Carlos |e author |9 518351 | |
| 700 | 0 | |a Gómez Gómez, Alma Leticia |e author |9 518355 | |
| 110 | 2 | |a Archivo Histórico de la Benemérita Universidad Autónoma de Puebla |e author |9 518356 | |
| 710 | 2 | |a Red Nacional de Archivos de Instituciones de Educación Superior |e author |9 518357 | |
| 245 | 1 | 3 | |a La archivística y las nuevas tecnologías: reflexiones y experiencias |
| 250 | |a 1a. ed | ||
| 300 | |a 179 p | ||
| 942 | |c BK | ||
| 945 | |d 20070124 00:00:00 |a fvergara | ||
| 260 | |a Puebla |b BUAP |c 2004 | ||
| 260 | |a Puebla |b Litografía Magno Graf S. A |c 2004 | ||
| 600 | 0 | 7 | |a UNIVERSIDAD NACIONAL AUTONOMA DE MEXICO |2 CL-VaPUC |9 356340 |
| 650 | 0 | |a Archivística |9 490081 | |
| 650 | 0 | |a Informática |9 260044 | |
| 650 | 0 | |a Tecnología |9 256742 | |
| 650 | 0 | |a Gestión |9 260993 | |
| 650 | 7 | |a DOCUMENTACION |2 CL-VaPUC |9 256928 | |
| 650 | 7 | |a DIGITALIZACION |2 CL-VaPUC |9 518358 | |
| 650 | 0 | |a Automatización |9 299909 | |
| 650 | 0 | |a Universidades |9 256317 | |
| 651 | 0 | |a México |9 255269 | |
| 856 | 7 | |f UCJ8852_01.jpg |u http://opac.pucv.cl/pucv_img/Img-8500/UCJ8852_01.jpg |q JEPG |2 file |z portada | |
| 583 | |a last modification |c 20171005 12:37:12 |k Rodrigo Vera | ||
| 490 | 0 | |a Formación Archivística, IV | |
| 999 | |c 324501 |d 324499 | ||
| 952 | |0 0 |1 0 |4 0 |6 025_000000000000000_VIL_2004_2004 |7 0 |8 X |9 404746 |a FDOBUD |b FDOBUD |d 2019-11-22 |i 1084887 |o 025 VIL 2004 2004 |p 1084887 |r 2019-11-22 |w 2019-11-22 |y BK_X |k BUD | ||